|
|
|
|
| LEADER |
00000nam0a2200000 4500 |
| 001 |
48548 |
| 005 |
20231031031851.0 |
| 010 |
|
|
|a 5829101904
|
| 035 |
|
|
|a (RuTPU)RU\TPU\book\50848
|
| 090 |
|
|
|a 48548
|
| 100 |
|
|
|a 20030319d2003 m y0rusy50 ca
|
| 101 |
0 |
|
|a rus
|
| 102 |
|
|
|a RU
|
| 105 |
|
|
|a y j 001zy
|
| 200 |
1 |
|
|a Психология профессий
|e учебное пособие
|f Э. Ф. Зеер
|
| 210 |
|
|
|a Москва
|a Екатеринбург
|c Академический проект
|c Деловая книга
|d 2003
|
| 215 |
|
|
|a 336 с.
|
| 225 |
1 |
|
|a Учебное пособие для вузов
|
| 320 |
|
|
|a Библиогр.: с. 318-320.
|
| 320 |
|
|
|a Глоссарий: с. 321-326.
|
| 610 |
1 |
|
|a психология
|
| 610 |
1 |
|
|a труд
|
| 610 |
1 |
|
|a профессии
|
| 610 |
1 |
|
|a профессиональная деятельность
|
| 610 |
1 |
|
|a профессиональная ориентация
|
| 610 |
1 |
|
|a личность
|
| 610 |
1 |
|
|a исследования
|
| 610 |
1 |
|
|a методы
|
| 610 |
1 |
|
|a профессиональное самоопределение
|
| 610 |
1 |
|
|a персонал
|
| 610 |
1 |
|
|a аттестация
|
| 610 |
1 |
|
|a кадры
|
| 610 |
1 |
|
|a кризисы
|
| 610 |
1 |
|
|a деструкция
|
| 610 |
1 |
|
|a консультирование
|
| 610 |
1 |
|
|a учебные пособия
|
| 686 |
|
|
|a Ю941.1я73
|v LBC/SL-A
|2 rubbk
|
| 700 |
|
1 |
|a Зеер
|b Э. Ф.
|g Эвальд Фридрихович
|
| 801 |
|
1 |
|a RU
|b 63413507
|c 20030319
|g PSBO
|
| 801 |
|
2 |
|a RU
|b 63413507
|c 20120403
|g PSBO
|
| 900 |
|
|
|a Психологические основы социального менеджмента
|
| 900 |
|
|
|a Психология
|
| 942 |
|
|
|c BK
|
| 952 |
|
|
|a 521000
|b 020400
|